Farm Animals My Version - Statistics

General Stats
  • This quiz has been taken 22 times
    19 since last reset
  • The average score is 24 of 30
Answer Stats
Picture Answer % Correct
Bull
100%
Cow
100%
Duck
100%
Goat
100%
Horse
100%
Pig
100%
Sheep
100%
Turkey
100%
Llama
93%
Parrot
93%
Rooster
93%
Bee
86%
Camel
86%
Donkey
86%
Goose
86%
Panda
86%
Peacock
86%
Pigeon
86%
Dove
79%
Elephant
79%
Emu
79%
Hen
79%
Ostrich
79%
Catfish
71%
Mule
71%
Platypus
71%
Goose
43%
Water Buffalo
43%
Quail
36%
Zebu
36%
No matching quizzes found
Score Distribution
Percent of People with Each Score
Percentile by Number Answered
Your Score History
You have not taken this quiz since the last reset